List of Car Brands - Statistics

General Stats
  • This quiz has been taken 261 times
  • The average score is 37 of 104
Answer Stats
Headquarters Answer % Correct
Germany BMW
91%
Japan Honda
90%
Italy Ferrari
88%
USA Ford
86%
Japan Toyota
86%
South Korea Hyundai
84%
Germany Mercedes-Benz
82%
USA Chevrolet
78%
Germany Audi
77%
Italy Fiat
75%
Germany Volkswagen
75%
Italy Lamborghini
74%
Japan Nissan
73%
South Korea Kia
72%
Sweden Volvo
72%
Germany Porsche
70%
Japan Mitsubishi
66%
Japan Mazda
65%
USA Jeep
64%
USA Dodge
63%
UK Jaguar
62%
UK Land Rover
62%
UK Bentley
61%
UK Mini
60%
Japan Subaru
60%
France Citroen
59%
France Renault
59%
France Peugeot
58%
Italy Alfa Romeo
57%
UK Aston Martin
57%
UK Rolls-Royce
57%
USA Chrysler
56%
France Bugatti
55%
Japan Lexus
54%
Japan Suzuki
54%
Germany Opel
52%
Czech Republic Skoda
51%
Spain Seat
49%
USA Tesla
49%
USA Cadillac
47%
Sweden Saab
47%
Italy Maserati
44%
Japan Acura
42%
USA GMC
42%
USA Buick
40%
USA Lincoln
40%
Romania Dacia
39%
UK McLaren
38%
UK Vauxhall
38%
China Infiniti
36%
Germany Smart
34%
UK Lotus
33%
India Tata
33%
Japan Isuzu
31%
Italy Lancia
31%
Australia Holden
29%
USA, Mexico Ram
27%
Japan Daihatsu
26%
Italy Pagani
26%
Sweden Koenigsegg
25%
Italy Abarth
24%
UK MG
24%
UK BAC Mono
22%
USA Corvette
22%
Japan Datsun
21%
USA Scion
19%
UK Morgan
18%
South Korea SsangYong
18%
UK Ariel
16%
Malaysia Proton
15%
UK Caterham
14%
China Chery
12%
UK TVR
12%
Austria KTM
11%
USA Saleen
11%
Denmark Zenvo
10%
USA Fisker
9%
India Mahindra
9%
UK Ascari
8%
UK Bristol
8%
UK Noble
8%
USA Hennessey
6%
Mexico Mastretta
5%
Malaysia Perodua
5%
Germany RUF
5%
USA SRT
5%
Germany Wiesmann
5%
UK Chevron
4%
Netherlands Donkervoort
4%
UK Ultima
4%
UK Caparo
3%
UK Ginetta
3%
UK Lister
3%
Monaco Venturi
3%
UK Westfield
3%
UK Arash
2%
Australia Joss
2%
Russia Kamaz
2%
UK Radical
2%
China Roewe
2%
UK Bowler
1%
UK Brooke
1%
Australia FPV
1%
USA Superformance
1%
No matching quizzes found
Score Distribution
Percent of People with Each Score
Percentile by Number Answered
Your Score History
You have not taken this quiz